<?xml version="1.0" encoding="UTF-8"?><?xml-stylesheet type="text/xsl" href="static/style.xsl"?><OAI-PMH xmlns="http://www.openarchives.org/OAI/2.0/" xmlns:xsi="http://www.w3.org/2001/XMLSchema-instance" xsi:schemaLocation="http://www.openarchives.org/OAI/2.0/ http://www.openarchives.org/OAI/2.0/OAI-PMH.xsd"><responseDate>2026-04-17T20:44:27Z</responseDate><request verb="GetRecord" identifier="oai:riubu.ubu.es:10259/10834" metadataPrefix="marc">https://riubu.ubu.es/oai/request</request><GetRecord><record><header><identifier>oai:riubu.ubu.es:10259/10834</identifier><datestamp>2025-09-04T22:13:12Z</datestamp><setSpec>com_10259_2699</setSpec><setSpec>col_10259_2701</setSpec></header><metadata><record xmlns="http://www.loc.gov/MARC21/slim" xmlns:doc="http://www.lyncode.com/xoai" xmlns:xsi="http://www.w3.org/2001/XMLSchema-instance" xmlns:dcterms="http://purl.org/dc/terms/" xsi:schemaLocation="http://www.loc.gov/MARC21/slim http://www.loc.gov/standards/marcxml/schema/MARC21slim.xsd">
<leader>00925njm 22002777a 4500</leader>
<datafield tag="042" ind1=" " ind2=" ">
<subfield code="a">dc</subfield>
</datafield>
<datafield tag="720" ind1=" " ind2=" ">
<subfield code="a">Santamaría Palacios, Jorge</subfield>
<subfield code="e">author</subfield>
</datafield>
<datafield tag="260" ind1=" " ind2=" ">
<subfield code="c">2025</subfield>
</datafield>
<datafield tag="520" ind1=" " ind2=" ">
<subfield code="a">El Virus de la Hepatitis E (VHE) se encuentra en todas las zonas del planeta, siendo altamente&#xd;
endémico en varios países subdesarrollados y en vías de desarrollo, y endémico en muchos&#xd;
países desarrollados. Las estimaciones de la Organización Mundial de la Salud (OMS) ascienden&#xd;
a 20 millones de casos mundiales anuales de infección por VHE, y 44.000 muertes causadas por&#xd;
hepatitis E en 2015, lo que supone un 3,3 % de la mortalidad mundial debida a hepatitis víricas.&#xd;
El impacto global actual de la enfermedad se encuentra, además, muy probablemente&#xd;
subestimado. Un análisis sistemático reciente concluye que en el mundo 939 millones de&#xd;
personas, lo que supone 1 de cada 8 personas, han sufrido en algún momento infección por VHE,&#xd;
y que entre 15 y 110 millones de personas cursan actualmente con la infección o la han padecido&#xd;
recientemente. La infección autóctona por VHE está considerada una enfermedad emergente en&#xd;
Europa, según la Autoridad Europea de Seguridad Alimentaria (EFSA).&#xd;
En Europa y los países desarrollados la principal vía de transmisión del VHE es zoonósica. Hay un&#xd;
gran número de mamíferos, tanto salvajes como domésticos, que son reservorio de VHE; sin&#xd;
embargo, se asume que los cerdos domésticos son la mayor fuente de transmisión. Esto se debe&#xd;
a la combinación de 2 factores; en primer lugar, el ganado porcino es el mayor reservorio de VHE&#xd;
en Europa, para los genotipos 3 y 4 del patógeno, como demuestra la elevada prevalencia de&#xd;
anticuerpos anti-VHE detectada en el ganado porcinoeuropeo, cuya seroprevalencia media&#xd;
alcanza un 35 %. Este dato implica que un gran número de cerdos han estado expuestos al VHE&#xd;
a lo largo de su vida.&#xd;
En segundo lugar, la carne de cerdo es una de las carnes más consumidas en el mundo, con una&#xd;
producción mundial que alcanza los 123,1 millones de toneladas en 2023, según las estimaciones&#xd;
de la Organización de Alimentación y Agricultura de las Naciones Unidas (FAO). La carne de cerdo&#xd;
es la carne más producida y consumida en Europa; la producción europea de carne de cerdo&#xd;
alcanzó 23,4 millones de toneladas en 2021 y 22,1 millones de toneladas en 2022, según la&#xd;
Agencia Estadística Europea (EUROSTAT). Asimismo, se contabilizaron 134 millones de cerdos en&#xd;
las granjas europeas en el año 2022.&#xd;
La transmisión zoonósica del patógeno puede ser alimentaria por el consumo de alimentos&#xd;
elaborados a partir de animales infectados, o por contacto directo con los animales infectados.&#xd;
La transmisión del VHE por contacto con los animales infectados ha sido demostrada, aunque&#xd;
afecta a una pequeña parte de la población europea, entre la que se encuentran trabajadores&#xd;
de granjas, veterinarios y trabajadores de mataderos, entre otros. La presencia de&#xd;
microorganismos patógenos en los alimentos es uno de los problemas esenciales en salud&#xd;
pública, y las enfermedades transmitidas por los alimentos representan una de las causas más&#xd;
importantes de enfermedad a nivel global.</subfield>
</datafield>
<datafield tag="024" ind2=" " ind1="8">
<subfield code="a">https://hdl.handle.net/10259/10834</subfield>
</datafield>
<datafield tag="024" ind2=" " ind1="8">
<subfield code="a">10.36443/10259/10834</subfield>
</datafield>
<datafield ind1=" " ind2=" " tag="653">
<subfield code="a">Virus de la Hepatitis E</subfield>
</datafield>
<datafield ind1=" " ind2=" " tag="653">
<subfield code="a">Cadena alimentaria porcino</subfield>
</datafield>
<datafield ind1=" " ind2=" " tag="653">
<subfield code="a">Sistema Aislamiento VHE</subfield>
</datafield>
<datafield ind1=" " ind2=" " tag="653">
<subfield code="a">Seguridad alimentaria</subfield>
</datafield>
<datafield ind1=" " ind2=" " tag="653">
<subfield code="a">Microbiología alimentaria</subfield>
</datafield>
<datafield ind1=" " ind2=" " tag="653">
<subfield code="a">Hepatitis E virus</subfield>
</datafield>
<datafield ind1=" " ind2=" " tag="653">
<subfield code="a">Porcine food chain</subfield>
</datafield>
<datafield ind1=" " ind2=" " tag="653">
<subfield code="a">HEV Isolation System</subfield>
</datafield>
<datafield ind1=" " ind2=" " tag="653">
<subfield code="a">Food safety</subfield>
</datafield>
<datafield ind1=" " ind2=" " tag="653">
<subfield code="a">Food microbiology</subfield>
</datafield>
<datafield tag="245" ind1="0" ind2="0">
<subfield code="a">Monitorización de la presencia del virus de la Hepatitis E a lo largo de la cadena alimentaria del porcino</subfield>
</datafield>
</record></metadata></record></GetRecord></OAI-PMH>